[Event "EU-chT U12 Girls"]
[Site "Bad Blankenburg"]
[Date "2018.07.18"]
[Round "10.2"]
[White "Ulrich, Helena Irene"]
[Black "Pentcheff, Laura"]
[Result "0-1"]
[WhiteElo "1249"]
[BlackElo "1594"]
[PlyCount "38"]
[EventDate "2018.07.12"]
[EventType "team-tourn"]
[EventRounds "10"]
[EventCountry "GER"]
[SourceTitle "EXT 2019"]
[Source "ChessBase"]
[SourceDate "2018.10.10"]
[SourceVersion "1"]
[SourceVersionDate "2018.10.10"]
[SourceQuality "1"]
[WhiteTeam "Germany U12 Girls III"]
[BlackTeam "France U12 Girls"]
[WhiteTeamCountry "GER"]
[BlackTeamCountry "FRA"]

1. e4 e5 2. Nf3 Nf6 3. Nxe5 d6 4. Nf3 Nxe4 5. Nc3 Nxc3 6. dxc3 Be7 7. Be3 Nc6 8. Qd2 Be6 9. 0-0-0 Bxa2 10. b3 a5 11. Kb2 a4 12. Kxa2 axb3+ 13. Kxb3 Ra5 14. Kb2 Qa8 15. Bc4 d5 16. Bb3 Ba3+ 17. Kb1 Bc1 18. Kxc1 Ra1+ 19. Kb2 Qa3# 0-1

[Event "EU-chT U12 Girls"]
[Site "Bad Blankenburg"]
[Date "2018.07.17"]
[Round "9.2"]
[White "Pentcheff, Laura"]
[Black "Butenandt, Svenja"]
[Result "0-1"]
[WhiteElo "1594"]
[BlackElo "1751"]
[PlyCount "112"]
[EventDate "2018.07.12"]
[EventType "team-tourn"]
[EventRounds "10"]
[EventCountry "GER"]
[SourceTitle "EXT 2019"]
[Source "ChessBase"]
[SourceDate "2018.10.10"]
[SourceVersion "1"]
[SourceVersionDate "2018.10.10"]
[SourceQuality "1"]
[WhiteTeam "France U12 Girls"]
[BlackTeam "Germany U12 Girls"]
[WhiteTeamCountry "FRA"]
[BlackTeamCountry "GER"]

1. d4 Nf6 2. Nf3 e6 3. Bf4 d5 4. e3 Be7 5. Bd3 Nbd7 6. 0-0 0-0 7. Nbd2 c5 8. c3 cxd4 9. exd4 a6 10. Ne5 Nb6 11. Qf3 Re8 12. Qh3 g6 13. Ndf3 Nh5 14. Bh6 Bf8 15. Nxf7 Kxf7 16. Ne5+ Kg8 17. Nxg6 hxg6 18. Bxg6 Bxh6 19. Qxh5 Re7 20. Qxh6 Rg7 21. Bc2 Qg5 22. Qxg5 Rxg5 23. h4 Rg4 24. g3 Nc4 25. b3 Nd6 26. Kg2 Nb5 27. Bd1 Rg7 28. Rc1 Rc7 29. h5 Rxc3 30. Rxc3 Nxc3 31. Bc2 Nxa2 32. h6 Nb4 33. Bb1 Nc6 34. Rd1 Ne7 35. g4 e5 36. g5 e4 37. Rh1 Bf5 38. Kg3 Nc6 39. Rd1 Rf8 40. Kh4 Bg6 41. Kg3 Rf3+ 42. Kg2 Rf5 43. Kg3 Rxg5+ 44. Kf4 Rh5 45. f3 Rf5+ 46. Kg4 Rxf3 47. Kg5 Kh7 48. Kg4 Kxh6 49. Rh1+ Kg7 50. Rd1 Rxb3 51. Ba2 Rd3 52. Rxd3 exd3 53. Bxd5 d2 54. Bb3 Nxd4 55. Bd1 Bc2 56. Bxc2 Nxc2 0-1

[Event "EU-chT U12 Girls"]
[Site "Bad Blankenburg"]
[Date "2018.07.16"]
[Round "8.2"]
[White "Peglau, Charis"]
[Black "Pentcheff, Laura"]
[Result "0-1"]
[WhiteElo "1396"]
[BlackElo "1594"]
[PlyCount "96"]
[EventDate "2018.07.12"]
[EventType "team-tourn"]
[EventRounds "10"]
[EventCountry "GER"]
[SourceTitle "EXT 2019"]
[Source "ChessBase"]
[SourceDate "2018.10.10"]
[SourceVersion "1"]
[SourceVersionDate "2018.10.10"]
[SourceQuality "1"]
[WhiteTeam "Germany U12 Girls II"]
[BlackTeam "France U12 Girls"]
[WhiteTeamCountry "GER"]
[BlackTeamCountry "FRA"]

1. e4 e5 2. Nf3 Nf6 3. Nc3 Bb4 4. Nd5 Nxd5 5. exd5 0-0 6. c3 Bc5 7. d4 exd4 8. Nxd4 Re8+ 9. Be3 Qg5 10. c4 Rxe3+ 11. fxe3 Qxe3+ 12. Qe2 Bxd4 13. Qxe3 Bxe3 14. Bd3 d6 15. h3 Bd7 16. Ke2 Bd4 17. Rab1 Na6 18. a3 Re8+ 19. Kd1 Re3 20. Bc2 f5 21. Re1 f4 22. Rxe3 fxe3 23. Ke2 b5 24. b3 c6 25. Be4 cxd5 26. Bxd5+ Kf8 27. Rf1+ Ke8 28. Rf7 Nc7 29. Rf4 Bb6 30. Re4+ Kd8 31. Bg8 h6 32. g4 a5 33. h4 Bc5 34. g5 hxg5 35. hxg5 Bf5 36. Rf4 g6 37. Rh4 bxc4 38. Bxc4 d5 39. Bd3 Bxd3+ 40. Kxd3 Ne6 41. b4 axb4 42. axb4 Bb6 43. Rg4 d4 44. Ke2 Kd7 45. Kd3 Kc6 46. Re4 Nxg5 47. Re5 Nh3 48. Kc4 Nf4 0-1

[Event "EU-chT U12 Girls"]
[Site "Bad Blankenburg"]
[Date "2018.07.16"]
[Round "7.2"]
[White "Pentcheff, Laura"]
[Black "Voriskova, Anna"]
[Result "1/2-1/2"]
[WhiteElo "1594"]
[BlackElo "1569"]
[PlyCount "160"]
[EventDate "2018.07.12"]
[EventType "team-tourn"]
[EventRounds "10"]
[EventCountry "GER"]
[SourceTitle "EXT 2019"]
[Source "ChessBase"]
[SourceDate "2018.10.10"]
[SourceVersion "1"]
[SourceVersionDate "2018.10.10"]
[SourceQuality "1"]
[WhiteTeam "France U12 Girls"]
[BlackTeam "Czech Republic U12 Girls"]
[WhiteTeamCountry "FRA"]
[BlackTeamCountry "CZE"]

1. d4 Nf6 2. Nf3 e6 3. g3 d5 4. Bg2 b5 5. 0-0 Bb7 6. b3 Nbd7 7. c4 bxc4 8. bxc4 dxc4 9. Qa4 Be7 10. Qxc4 0-0 11. Nc3 Nb6 12. Qb3 c5 13. dxc5 Bxc5 14. Rd1 Qe7 15. Bf4 Nbd5 16. Be5 Nxc3 17. Bxc3 Bd5 18. Qa4 Rac8 19. Bd4 h6 20. Rac1 Rfd8 21. Bxc5 Rxc5 22. Rxc5 Qxc5 23. Ne5 Qc7 24. Qd4 Rb8 25. Bxd5 Nxd5 26. Kf1 Rb4 27. Qa1 Qb8 28. Kg1 a5 29. Nd3 Rc4 30. Rc1 Rxc1+ 31. Qxc1 Qc7 32. Qa3 Nc3 33. e3 Ne2+ 34. Kf1 Nc3 35. Qb3 Qc6 36. Ke1 Nb5 37. Kd2 Nd6 38. Ke2 Ne4 39. f3 Nc3+ 40. Kd2 Nd5 41. Qb8+ Kh7 42. Qe5 Nf6 43. Qxa5 Qb7 44. e4 Qb1 45. Qa7 Qh1 46. Qf2 Qa1 47. Ke3 Qb1 48. Qb2 Qg1+ 49. Qf2 Qb1 50. a3 Qb6+ 51. Ke2 Qb1 52. Qc5 Qa2+ 53. Kd1 Qxh2 54. g4 Qa2 55. Qa7 Qg2 56. Qf2 Qh3 57. a4 Nxg4 58. Qe2 Qh1+ 59. Ne1 Ne5 60. a5 Qg1 61. a6 Qd4+ 62. Kc2 Qc5+ 63. Kb3 Qb6+ 64. Ka2 Nc6 65. Nc2 Nb4+ 66. Nxb4 Qxb4 67. Qd3 Qb6 68. Ka3 h5 69. Ka4 h4 70. Qb5 Qxb5+ 71. Kxb5 h3 72. a7 h2 73. a8Q h1Q 74. e5 Qb1+ 75. Kc6 Qf5 76. Kd6 Qd3+ 77. Ke7 Qf5 78. Kd6 Qd3+ 79. Ke7 Qf5 80. Kd6 Qd3+ 1/2-1/2

[Event "EU-chT U12 Girls"]
[Site "Bad Blankenburg"]
[Date "2018.07.13"]
[Round "3.2"]
[White "Pentcheff, Laura"]
[Black "Peglau, Charis"]
[Result "0-1"]
[WhiteElo "1594"]
[BlackElo "1396"]
[PlyCount "118"]
[EventDate "2018.07.12"]
[EventType "team-tourn"]
[EventRounds "10"]
[EventCountry "GER"]
[SourceTitle "EXT 2019"]
[Source "ChessBase"]
[SourceDate "2018.10.10"]
[SourceVersion "1"]
[SourceVersionDate "2018.10.10"]
[SourceQuality "1"]
[WhiteTeam "France U12 Girls"]
[BlackTeam "Germany U12 Girls II"]
[WhiteTeamCountry "FRA"]
[BlackTeamCountry "GER"]

1. d4 d5 2. Nf3 Nf6 3. g3 Bf5 4. Bg2 e6 5. 0-0 Bd6 6. c4 0-0 7. Qb3 Qc8 8. Nc3 c6 9. Nd2 dxc4 10. Qxc4 Bg6 11. Nde4 Nxe4 12. Nxe4 Bc7 13. Qb3 Nd7 14. Bd2 Nb6 15. Nc5 Rd8 16. e3 Bd6 17. Ne4 Be7 18. Rac1 Qd7 19. Bb4 Bxb4 20. Qxb4 Bxe4 21. Bxe4 Qd6 22. Qb3 e5 23. dxe5 Qxe5 24. Bg2 Rd2 25. Rc2 Rxc2 26. Qxc2 Rd8 27. b3 h6 28. a4 Qa5 29. Rd1 Rxd1+ 30. Qxd1 Qb4 31. h4 Qe7 32. a5 Qd7 33. Qxd7 Nxd7 34. a6 b6 35. Bxc6 Nc5 36. b4 Nxa6 37. b5 Nb4 38. Kf1 Kf8 39. Bf3 Ke7 40. Ke1 Kd6 41. Kd2 Nd5 42. Kc2 Nc7 43. Be2 Kc5 44. Kb3 Nxb5 45. f4 Nd6 46. Ba6 b5 47. e4 Nxe4 48. Bb7 Nxg3 49. Bf3 Nf5 50. Be4 Nxh4 51. Bd3 Nf3 52. Ka3 a5 53. Bc2 Nd4 54. Bd1 Ne6 55. f5 Nd4 56. Bg4 Kc4 57. Bd1 f6 58. Bh5 Nxf5 59. Bf7+ Kc3 0-1

[Event "Match/Nation FRA-RUS U12 Girls"]
[Site "Brest"]
[Date "2018.06.03"]
[Round "8.2"]
[White "Kusakina, Uliana"]
[Black "Pentcheff, Laura"]
[Result "0-1"]
[WhiteElo "1389"]
[BlackElo "1536"]
[PlyCount "126"]
[EventDate "2018.06.02"]
[EventType "match (blitz)"]
[EventRounds "8"]
[EventCountry "FRA"]
[SourceTitle "EXT 2019"]
[Source "ChessBase"]
[SourceDate "2018.10.10"]
[SourceVersion "1"]
[SourceVersionDate "2018.10.10"]
[SourceQuality "1"]

1. e4 e5 2. Nf3 Nf6 3. Nxe5 d6 4. Nf3 Nxe4 5. Nc3 Nxc3 6. dxc3 Be7 7. Bd3 0-0 8. 0-0 c6 9. h3 d5 10. Nh2 Nd7 11. Kh1 Nf6 12. f4 c5 13. b3 b6 14. Qf3 Bb7 15. Qg3 d4 16. cxd4 Qxd4 17. Bd2 Ne4 18. Bxe4 Qxe4 19. c3 Bh4 20. Qf3 Qe7 21. Qg4 Rad8 22. Rad1 Rd7 23. Nf3 Bf6 24. Rfe1 Qd8 25. Qg3 Bxf3 26. Qxf3 Rxd2 27. Rxd2 Qxd2 28. Qf1 Bxc3 29. Rd1 Qxa2 30. Rc1 Bf6 31. Rd1 h6 32. Re1 Qxb3 33. Rb1 Qg3 34. Re1 Bh4 35. Rd1 Rd8 36. Rxd8+ Bxd8 37. Qe2 Bh4 38. Qe8+ Kh7 39. Qe2 Qe1+ 40. Qxe1 Bxe1 41. Kg1 Kg6 42. Kf1 Bd2 43. Ke2 Bxf4 44. Kf3 Kf5 45. g3 Bg5 46. g4+ Ke5 47. Ke2 Kd4 48. Kd1 Kc3 49. Ke2 Kb2 50. Kf3 c4 51. Ke4 c3 52. Kd3 c2 53. Kd4 c1Q 54. Kd5 Qc7 55. Ke4 Qd6 56. Kf3 Qe5 57. Kg2 Qf4 58. Kg1 Qd2 59. Kf1 Bh4 60. Kg1 Qf2+ 61. Kh1 Qe2 62. Kg1 Bg3 63. Kh1 Qh2# 0-1

[Event "Match/Nation FRA-RUS U12 Girls"]
[Site "Brest"]
[Date "2018.06.03"]
[Round "4.2"]
[White "Pentcheff, Laura"]
[Black "Kusakina, Uliana"]
[Result "0-1"]
[WhiteElo "1536"]
[BlackElo "1389"]
[PlyCount "115"]
[EventDate "2018.06.02"]
[EventType "match (blitz)"]
[EventRounds "8"]
[EventCountry "FRA"]
[SourceTitle "EXT 2019"]
[Source "ChessBase"]
[SourceDate "2018.10.10"]
[SourceVersion "1"]
[SourceVersionDate "2018.10.10"]
[SourceQuality "1"]

1. d4 d5 2. Nf3 Nf6 3. g3 Nc6 4. Bg2 Bf5 5. 0-0 e6 6. c4 Bd6 7. Nc3 0-0 8. Qb3 Na5 9. Qb5 c6 10. Qa4 Nxc4 11. Qb3 Nb6 12. Re1 h6 13. a4 a5 14. h3 Nh7 15. Nh4 Bg6 16. Nxg6 fxg6 17. e4 Qf6 18. Be3 Nc4 19. e5 Qf5 20. g4 Qf7 21. f3 Nxe3 22. Rxe3 Bb4 23. Ne2 Ng5 24. h4 Nh7 25. Rf1 Bd2 26. Rd3 Bb4 27. Nc1 Qe7 28. Na2 Rf7 29. Nxb4 Qxb4 30. Qxb4 axb4 31. Rb3 Rxa4 32. Rc1 Kf8 33. Kh2 Ke7 34. Rc5 Kd7 35. Kg3 Nf8 36. f4 Kc7 37. Kh3 Nd7 38. Rc2 b5 39. Rf2 Kb6 40. Kg3 Ka6 41. h5 gxh5 42. gxh5 Nb6 43. Kh3 Nc4 44. Bf3 Kb6 45. Be2 Na5 46. Rd3 Ra2 47. Bd1 Nc4 48. Bb3 Rxb2 49. Rxb2 Nxb2 50. Rd2 Nc4 51. Rf2 Rf5 52. Kg4 Rf7 53. Rf3 Kc7 54. Rg3 Kb6 55. Kf3 Kc7 56. Ke2 Kd7 57. Rf3 Kc7 58. Kd3 0-1

[Event "Match/Nation FRA-RUS U12 Girls"]
[Site "Brest"]
[Date "2018.06.03"]
[Round "3.1"]
[White "Shvedova, Alexandra"]
[Black "Pentcheff, Laura"]
[Result "1-0"]
[WhiteElo "1758"]
[BlackElo "1536"]
[PlyCount "35"]
[EventDate "2018.06.02"]
[EventType "match (blitz)"]
[EventRounds "8"]
[EventCountry "FRA"]
[SourceTitle "EXT 2019"]
[Source "ChessBase"]
[SourceDate "2018.10.10"]
[SourceVersion "1"]
[SourceVersionDate "2018.10.10"]
[SourceQuality "1"]

1. e4 e5 2. Nf3 Nf6 3. Nc3 Bb4 4. d3 Nc6 5. Be2 0-0 6. 0-0 d6 7. Bg5 h6 8. Bxf6 Qxf6 9. Nd5 Qg6 10. Nxc7 Rb8 11. Nd5 Bh3 12. Nh4 Qg5 13. c3 Ba5 14. b4 Bd8 15. Kh1 Qxh4 16. gxh3 Qxh3 17. Rg1 Qh4 18. Qf1 1-0

[Event "FRA-ch U12 "]
[Site "Agen"]
[Date "2018.04.21"]
[Round "8"]
[White "Pentcheff, Laura"]
[Black "Berezovsky, Fiorina"]
[Result "1/2-1/2"]
[WhiteElo "1512"]
[BlackElo "1678"]
[PlyCount "78"]
[EventDate "2018.04.15"]
[EventType "swiss"]
[EventRounds "9"]
[EventCountry "FRA"]
[SourceTitle "EXT 2019"]
[Source "ChessBase"]
[SourceDate "2018.10.10"]
[SourceVersion "1"]
[SourceVersionDate "2018.10.10"]
[SourceQuality "1"]

1. d4 Nf6 2. c4 c5 3. Nf3 cxd4 4. Nxd4 e5 5. Nb5 d5 6. cxd5 Bc5 7. g3 a6 8. N5c3 e4 9. Bg2 Bf5 10. Nxe4 Bxe4 11. Bxe4 Bxf2+ 12. Kxf2 Nxe4+ 13. Kg2 0-0 14. Be3 Nd7 15. Qb3 Ndf6 16. Rd1 Qd7 17. Nd2 Nxd2 18. Rxd2 Ne4 19. Rd4 Rfe8 20. Rb4 b5 21. Qd3 Qe7 22. a3 Nxg3 23. hxg3 Qxe3 24. Qxe3 Rxe3 25. Kf2 Rae8 26. Re1 R3e5 27. Rd4 Re4 28. Rxe4 Rxe4 29. Rd1 Kf8 30. d6 Ke8 31. d7+ Kd8 32. Rd6 Re6 33. Rd5 Re7 34. Rd6 Rxd7 35. Rxa6 Rd2 36. b4 Rd4 37. Ra7 Ke8 38. Rb7 Rd5 39. Ra7 h5 1/2-1/2